Terrorism inc. : (Record no. 124116)

MARC details
000 -LEADER
fixed length control field 00748nam a22002297a 4500
005 - DATE AND TIME OF LATEST TRANSACTION
control field 20170124105935.0
010 ## - LIBRARY OF CONGRESS CONTROL NUMBER
LC control number B-209626
020 ## - INTERNATIONAL STANDARD BOOK NUMBER
Terms of availability 395.00
International Standard Book Number 8172201451
035 ## - SYSTEM CONTROL NUMBER
System control number B-209626
037 ## - SOURCE OF ACQUISITION
Source of stock number/acquisition Cen Lib/Ret
040 ## - CATALOGING SOURCE
Original cataloging agency DPL
Language of cataloging EN
082 ## - DEWEY DECIMAL CLASSIFICATION NUMBER
Classification number 303.925
Item number BHU
100 ## - MAIN ENTRY--PERSONAL NAME
Personal name Bhure Lal
9 (RLIN) 86347
245 ## - TITLE STATEMENT
Title Terrorism inc. :
Statement of responsibility, etc by Bhure Lal
Remainder of title the lethal cocktail of isi, taliban & alqaida /
260 ## - PUBLICATION, DISTRIBUTION, ETC. (IMPRINT)
Place of publication, distribution, etc New Delhi
Date of publication, distribution, etc 2002
Name of publisher, distributor, etc Siddharth Publications
270 ## - ADDRESS
City New Delhi
Address Okhla Industrial Area Phase 2
Postal code 110020
300 ## - PHYSICAL DESCRIPTION
Extent xii, 243p.
Dimensions 21cm(Hb)
500 ## - GENERAL NOTE
General note Includes bibliographical references and glossary
650 ## - SUBJECT ADDED ENTRY--TOPICAL TERM
Topical term or geographic name as entry element Aristotelion diplomacy
9 (RLIN) 86348
650 ## - SUBJECT ADDED ENTRY--TOPICAL TERM
Topical term or geographic name as entry element Terrorism
9 (RLIN) 2076
942 ## - ADDED ENTRY ELEMENTS (KOHA)
Source of classification or shelving scheme Dewey Decimal Classification
Koha item type English Books
Classification part 303.625
Call number suffix BHU
Holdings
Withdrawn status Lost status Damaged status Not for loan Home library Current library Date acquired Source of acquisition Cost, normal purchase price Total Checkouts Full call number Barcode Date last seen Copy number Cost, replacement price Price effective from Koha item type
        Central Library Central Library 13/06/2015 Cen Lib/Ret 395.00   303.925 BHU B-209626 13/06/2015 1 395.00 13/06/2015 English Books

© Delhi Public Library
Hit Counter
free hit counter